Normal view
MARC view
- Zahrī, Mīr Isrār Allāh.
Entry Personal Name
001 - CONTROL NUMBER
- control field: 4578
003 - CONTROL NUMBER IDENTIFIER
- control field: NUST
005 - DATE AND TIME OF LATEST TRANSACTION
- control field: 20170914102744.0
008 - FIXED-LENGTH DATA ELEMENTS
- fixed length control field: 170914|| aca||aabn | a|a d
040 ## - CATALOGING SOURCE
- Original cataloging agency: NUST
- Transcribing agency: NUST
100 ## - HEADING--PERSONAL NAME
- Personal name: Zahrī, Mīr Isrār Allāh.
670 ## - SOURCE DATA FOUND
- Source citation: Work cat.: (NUST)0: 880-01 Zahrī, Mīr Isrār Allāh., Isrār nāmah-yi tārīk̲h̲-i Baloc /, 2010.
